| 000 | 00825nas a2200241 4500 | ||
|---|---|---|---|
| 001 | BR8603026 | ||
| 003 | BR-BrBNA | ||
| 005 | 20231205090523.0 | ||
| 007 | ta | ||
| 008 | 230509b bl.|||p| |||| 00| 00por d | ||
| 040 |
_aBR-BrBNA _bpor _cBiblioteca Nacional de Agricultura |
||
| 041 | _a(Pt) | ||
| 072 | _aF50 | ||
| 100 | 1 | _aMarchiori, J.N.C. | |
| 245 | 1 | _aEstudo anatomico da madeira de Lonchocarpus leucanthus Burk (Leguminosae, Faboideae) | |
| 246 | 1 | _aWood anatomical study of Lonchocarpus leucanthus Burk (Leguminosae, Faboideae) | |
| 650 | _aARVORE ANGIOSPERMA | ||
| 650 | _aMADEIRA | ||
| 650 | _aANATOMIA VEGETAL | ||
| 773 | 0 |
_tRevista do Centro de Ciencias Rurais (Brazil) _xISSN 0085-5901 _g(Oct-Dec 1985), v. 15(4) p. 345-354 _wBR8603026 |
|
| 909 |
_a202311 _bLúcia _c55 _dLúcia Elande |
||
| 942 |
_2AGRIS _n0 _cANA |
||
| 999 |
_c119010 _d119010 |
||